Online
Catalog

Historia de la esclavitud negra en Puerto Rico / (Record no. 13644)

MARC details
000 -CABECERA
campo de control de longitud fija 01098cam a2200313 i 4500
001 - NÚMERO DE CONTROL
campo de control 000014042
003 - IDENTIFICADOR DEL NÚMERO DE CONTROL
campo de control DO-SdBNP
005 - FECHA Y HORA DE LA ÚLTIMA TRANSACCIÓN
campo de control 20250613130408.0
007 - CAMPO FIJO DE DESCRIPCIÓN FÍSICA--INFORMACIÓN GENERAL
campo de control de longitud fija ta
008 - DATOS DE LONGITUD FIJA--INFORMACIÓN GENERAL
campo de control de longitud fija 040420s1970 pr a b 001 0 spa d
040 ## - FUENTE DE LA CATALOGACIÓN
Centro catalogador/agencia de origen DO-SdBNP
Lengua de catalogación spa
Centro/agencia transcriptor BNPHU
Normas de descripción rda
082 ## - NÚMERO DE LA CLASIFICACIÓN DECIMAL DEWEY
Número de clasificación 306.362097295
Número de documento/Ítem D542h, 1970
Número de edición 22
100 1# - ENTRADA PRINCIPAL--NOMBRE DE PERSONA
Nombre de persona Díaz Soler, Luis M.,
Fechas asociadas al nombre 1916-2009.
Término indicativo de función/relación autor
9 (RLIN) 31807
245 10 - MENCIÓN DE TÍTULO
Título Historia de la esclavitud negra en Puerto Rico /
Mención de responsabilidad, etc. Luis M. Diaz Soler.
250 ## - MENCIÓN DE EDICIÓN
Mención de edición 3a edición
264 ## - PRODUCCIÓN, PUBLICACIÓN, DISTRIBUCIÓN, FABRICACIÓN Y COPYRIGHT
Producción, publicación, distribución, fabricación y copyright San Juan, Puerto Rico :
Nombre del de productor, editor, distribuidor, fabricante Universidad de Puerto Rico,
Fecha de producción, publicación, distribución, fabricación o copyright 1970.
300 ## - DESCRIPCIÓN FÍSICA
Extensión 439 páginas :
Otras características físicas ilustraciones ;
Dimensiones 23 cm.
336 ## - TIPO DE CONTENIDO
Término de tipo de contenido rdacontent
Código de tipo de contenido texto
Fuente txt
337 ## - TIPO DE MEDIO
Nombre/término del tipo de medio rdamedia
Código del tipo de medio sin mediación
Fuente n
338 ## - TIPO DE SOPORTE
Nombre/término del tipo de soporte rdacarrier
Código del tipo de soporte volumen
Fuente nc
504 ## - NOTA DE BIBLIOGRAFÍA, ETC.
Nota de bibliografía, etc. Incluye bibliografía: (p. 403-420) e índice.
504 ## - NOTA DE BIBLIOGRAFÍA, ETC.
Nota de bibliografía, etc. incluye referencias bibliográficas y notas al pie de las páginas.
590 ## - NOTA LOCAL (RLIN)
Nota local Inventariado, 2024/DG
650 #4 - PUNTO DE ACCESO ADICIONAL DE MATERIA--TÉRMINO DE MATERIA
Término de materia o nombre geográfico como elemento de entrada Esclavitud
Subdivisión geográfica Puerto Rico
Subdivisión general Historia
9 (RLIN) 31808
650 #4 - PUNTO DE ACCESO ADICIONAL DE MATERIA--TÉRMINO DE MATERIA
Término de materia o nombre geográfico como elemento de entrada Negros
Subdivisión geográfica Puerto Rico
Subdivisión general Historia
9 (RLIN) 31809
650 #0 - PUNTO DE ACCESO ADICIONAL DE MATERIA--TÉRMINO DE MATERIA
Término de materia o nombre geográfico como elemento de entrada Trata de esclavos
9 (RLIN) 21366
910 ## - DATOS DE OPCIÓN DEL USUARIO (OCLC)
Datos de opción del usuario DG
942 ## - ELEMENTOS DE PUNTO DE ACCESO ADICIONAL (KOHA)
Fuente del sistema de clasificación o colocación Dewey Decimal Classification
Tipo de ítem Koha Libro
Holdings
Estado de retiro Estado de pérdida Restricciones de uso No para préstamo Código de colección Localización permanente Ubicación/localización actual Ubicación en estantería Fecha de adquisición Número de inventario Total de préstamos Signatura topográfica completa Código de barras Fecha visto por última vez Número de copia Precio válido a partir de Tipo de ítem Koha Fuente del sistema de clasificación o colocación Fuente de adquisición Nota pública
    Préstamo en sala   Dominicana de Servicio Biblioteca Nacional Pedro Henríquez Ureña Biblioteca Nacional Pedro Henríquez Ureña En catalogación 18.11.2024     BNPHU DS 306.362097295 D542h, 1970 2024-6462 18.11.2024 e.4 18.11.2024 Libro Dewey Decimal Classification Donado por la Presidencia de la República Dominicana 2023 Pertenecio a la biblioteca personal de Emilio Cordero Michel
    Préstamo restringido Préstamo restrigido Monografías: Libros y Folletos General General Depósito 02.12.2009 LF1   306.362097295 D542h, 1970 14042-10 25.06.2020 e.1 25.06.2020 Préstamo interno      
    Préstamo restringido Préstamo restrigido Monografías: Libros y Folletos General General Depósito 02.12.2009 LF1   306.362097295 D542h, 1970 14042-20 25.06.2020 e.2 25.06.2020 Préstamo interno      
    Préstamo interno   Monografías: Libros y Folletos General General Depósito 02.12.2009 LF1   306.362097295 D542h, 1970 14042-30 25.06.2020 e.3 25.06.2020 Préstamo interno      

Powered by Koha